000 01160aam a2200361 i 4500
999 _c2084
_d2084
001 018482311
003 Uk
005 20230306095442.0
008 170822s2017 enka j e 001 0 eng c
015 _aGBB7F1592
_2bnb
016 7 _a018482311
_2Uk
020 _a9781786173294
_qpaperback
035 _a(UkOxU)020957972
035 _a(StEdALDL)1/3593472
040 _aUkOxU
_beng
_cUkOxU
_dUk
_dKH8
_erda
042 _aukscp
082 0 4 _a520.3 PAR
_223
100 1 _aParker, Steve,
_d1952-
_eauthor.
245 1 0 _aEncyclopedia of space /
_cby Steve Parker.
264 1 _aBardfield End Green, Thaxted, Essex, UK :
_bMiles Kelly,
_c2017.
264 4 _c©2017
300 _a384 pages :
_billustrations (chiefly colour) ;
_c23 cm
336 _atext
_2rdacontent
336 _astill image
_2rdacontent
337 _aunmediated
_2rdamedia
338 _avolume
_2rdacarrier
500 _a"Explore the Solar System and beyond"--Cover.
500 _aIncludes index.
651 0 _aSolar system
_vEncyclopedias, Juvenile.
651 0 _aOuter space
_vEncyclopedias, Juvenile.
651 0 _aOuter space
_xExploration
_vEncyclopedias, Juvenile.
942 _2ddc
_cNFIC